10 największych miast w podlaskim - Statystyki

Ogólne statystyki
  • Ten quiz został rozwiązany 117 razy
  • Średni wynik to 6 z 10
Statystyki odpowiedzi
Liczba ludności Miasto % Poprawnych
297 288 Białystok
99%
69 554 Suwałki
92%
63 092 Łomża
81%
30 270 Augustów
72%
20 919 Hajnówka
59%
22 049 Grajewo
52%
25 611 Bielsk Podlaski
50%
22 173 Zambrów
50%
18 331 Sokółka
42%
15 689 Łapy
38%
Nie znaleziono quizów pasujących do podanych kryteriów
Rozkład punktacji
Procent ludzi z każdym wynikiem
Percentyl według liczby udzielonych odpowiedzi
Twoja historia wyników
Nie rozwiązałeś tego quizu